000 00762nam a22001817a 4500
008 150409b xxu||||| |||| 00| 0 eng d
020 _a0915138247
050 _aBS2555.2.G7613
100 _aGuttgemanns, Erhardt
_917076
245 _aCandid questions concerning gospel form criticism
_ba methological sketch of the fundamental problematics of form and redaction criticism
_c/by Erhardt, Guttgemanns
260 _aPennsylvania
_bThe Pickwick Press
_c1979
300 _axix,418p. ;
_c22cm.
440 _aPittsburgh theological monograph series
_nno.26
_917077
650 _aBible N.T. Gospel
_xCriticism, form
_917078
700 _aDoty, William G. (Trans.)
_917079
700 _aHadidian, Dikran Y. (series general editor)
_917080
942 _2lcc
_cMONOGRAPH
999 _c122629
_d122629